• 首页
  • 本馆介绍
  • 公告通知
  • 最新文献
  • 馆藏检索
  • 电子资源
  • 读者导购
  • 参考咨询
  • 我的图书馆
  • 登录
  • 详细信息显示
  • 放入我的书架
  • 预约/预借图书
  • 作者相关作品
  • 分类相关作品
  • 丛书相关作品
  • 出版社相关作品

书目信息

  • 表格格式
  • 工作单格式
  • 卡片格式
题名:
忠义神勇
    
 
作者: 姜正成 主编
分册:  
出版信息: 北京   中国物资出版社  2016.03
页数: 223页
开本: 24cm
丛书名: 中华圣贤传奇系列
单 册:
中图分类: K825.2=342 , K825.2
科图分类:
主题词:
电子资源:
ISBN: 978-7-5047-5962-7
000 00852nam 2200265 450
001 2328261093
005 20231109155602.85
010    @a978-7-5047-5962-7@dCNY38.00
100    @a20160621d2016 em y0chiy50 ea
101 0  @achi
102    @aCN@b110000
105    @ay z 000yd
200 1  @a忠义神勇@Azhong yi shen yong@e关羽@f姜正成主编
210    @a北京@c中国物资出版社@d2016.03
215    @a223页@d24cm
225 2  @a中华圣贤传奇系列@Azhong hua sheng xian chuan qi xi lie
330    @a关羽,字云长,汉末三国时期名将。本书将带你走近关羽,了解风起云涌的三国时代。
410  0 @12001 @a中华圣贤传奇系列
517 1  @a关羽@Aguan yu
600  0 @a关羽,@Aguan yu ,@f160-219@x生平事迹
690    @aK825.2=342@v5
690    @aK825.2@v4
701  0 @a姜正成@Ajiang zheng cheng@4主编
801  0 @aCN@b山东中教@c20230926
905    @aBZT@dK825.2@e357
    
    忠义神勇:关羽/姜正成主编.-北京:中国物资出版社,2016.03
    223页;24cm.-(中华圣贤传奇系列)
    
    
    ISBN 978-7-5047-5962-7:CNY38.00
    关羽,字云长,汉末三国时期名将。本书将带你走近关羽,了解风起云涌的三国时代。
●
相关链接 在五车中查询图书 在当当中查询图书 在豆瓣中查询图书


正题名:忠义神勇     索取号:K825.2/357         预约/预借

序号 登录号 条形码 馆藏地/架位号 状态 备注
1 2000966661   2000966661   315书库/四033架A面2层4列/ [索取号:K825.2/357] 在馆    
2 2000966662   2000966662   315书库/四033架A面2层4列/ [索取号:K825.2/357] 在馆    
3 2000966663   2000966663   315书库/四033架A面2层4列/ [索取号:K825.2/357] 在馆    
4 2000966664   2000966664   315书库/四033架A面2层4列/ [索取号:K825.2/357] 在馆    
5 2000966665   2000966665   315书库/四033架A面2层4列/ [索取号:K825.2/357] 在馆    
6 2000966666   2000966666   315书库/四033架A面2层4列/ [索取号:K825.2/357] 在馆    
山东省滨州职业学院图书馆 欢迎您!
大连网信软件有限公司© 版权所有